Triết học Mỹ
Đã lưu trong:
| 主要作者: | |
|---|---|
| 其他作者: | |
| 格式: | 圖書 |
| 語言: | Vietnamese |
| 出版: |
Hà Nội
Chính trị Quốc Gia
2009
|
| 主題: | |
| 標簽: |
添加標簽
沒有標簽, 成為第一個標記此記錄!
|
| Thư viện lưu trữ: | Trung tâm Học liệu Lê Vũ Hùng, Trường Đại học Đồng Tháp |
|---|
| LEADER | 00690pam a22002178a 4500 | ||
|---|---|---|---|
| 001 | 00027271 | ||
| 005 | 20171026081022.0 | ||
| 008 | 111018s2009 ||||||viesd | ||
| 020 | |c 35000 | ||
| 041 | 0 | # | |a vie |
| 082 | 1 | 4 | |a 191 |b TR308H |
| 100 | 1 | # | |a Bùi, Đăng Duy |
| 245 | 1 | 0 | |a Triết học Mỹ |c Bùi Đăng Duy, Nguyễn Tiến Dũng |
| 260 | # | # | |a Hà Nội |b Chính trị Quốc Gia |c 2009 |
| 300 | # | # | |a 318tr. |c 19cm. |
| 650 | # | 4 | |a Triết học |z Mỹ |
| 700 | 1 | # | |a Nguyễn, Tiến Dũng |
| 852 | # | # | |b Kho đọc |j KD.0011879 |
| 852 | # | # | |j KD.0011879 |
| 910 | |d 18/10/2011 | ||
| 980 | # | # | |a Trung tâm Học liệu Lê Vũ Hùng, Trường Đại học Đồng Tháp |